[Event "Schachfestival 2014"]
[Site "Bad WÃ¶rishofen"]
[Date "2014.03.24"]
[Round "5.2"]
[White "Pirrot, Dieter"]
[Black "Kveinys, Aloyzas"]
[Result "1/2-1/2"]
[WhiteElo "2379"]
[BlackElo "2530"]
[Annotator "chessorg"]
[PlyCount "41"]
[EventDate "2014.??.??"]
[WhiteTeam "SV 1920 Hofheim"]

1. e4 c5 2. c3 Nf6 3. e5 Nd5 4. Nf3 e6 5. d4 cxd4 6. cxd4 d6 7. a3 Bd7 8. Bd3
Bc6 9. O-O Nd7 10. Re1 Be7 11. b4 a6 12. Nbd2 dxe5 13. dxe5 Nc3 14. Qc2 Rc8 15.
Qxc3 Bxf3 16. Qd4 Bd5 17. Ne4 O-O 18. Bb2 Rc6 19. b5 axb5 20. Bxb5 Rc7 21. Rad1
1/2-1/2

[Event "Schachfestival 2014"]
[Site "Bad WÃ¶rishofen"]
[Date "2014.03.24"]
[Round "5.4"]
[White "Estremera, Sergio"]
[Black "Teske, Henrik"]
[Result "1/2-1/2"]
[WhiteElo "2353"]
[BlackElo "2519"]
[Annotator "chessorg"]
[PlyCount "67"]
[EventDate "2014.??.??"]
[BlackTeam "SV Glueck auf Ruedersdorf e.V."]

1. d4 Nf6 2. c4 e6 3. Nf3 c5 4. Nc3 cxd4 5. Nxd4 a6 6. g3 Qc7 7. Bg2 Qxc4 8.
O-O Nc6 9. Nxc6 bxc6 10. Bf4 Nd5 11. Nxd5 cxd5 12. Rc1 Qb4 13. e4 dxe4 14. a3
Qa5 15. Bxe4 d5 16. b4 Qb5 17. Bd3 Qb6 18. Bc7 Qb7 19. Be5 Bd7 20. Rc7 Qb6 21.
Qh5 g6 22. Qf3 Be7 23. Rxd7 Kxd7 24. Bxh8 Rxh8 25. Qxf7 g5 26. Qg7 Rf8 27. Qxh7
Rf3 28. a4 Qxb4 29. Bxa6 Qxa4 30. Bc8+ Kd6 31. Bxe6 Qe4 32. Qxe4 dxe4 33. Bg4
Rc3 34. Re1 1/2-1/2

[Event "Schachfestival 2014"]
[Site "Bad WÃ¶rishofen"]
[Date "2014.03.24"]
[Round "5.5"]
[White "Nikolov, Momchil"]
[Black "Grawe, Christian"]
[Result "1-0"]
[WhiteElo "2515"]
[BlackElo "2189"]
[Annotator "chessorg"]
[PlyCount "47"]
[EventDate "2014.??.??"]
[BlackTeam "SK Germering"]

1. Nf3 d5 2. d4 Nf6 3. c4 c6 4. Nc3 dxc4 5. a4 Bf5 6. Ne5 Nbd7 7. Nxc4 Nb6 8.
Ne5 a5 9. e3 e6 10. g4 Bg6 11. h4 Nfd5 12. h5 Nxc3 13. bxc3 Be4 14. f3 f6 15.
fxe4 fxe5 16. Qb3 Be7 17. Rb1 O-O 18. Qxb6 Bh4+ 19. Kd1 Qg5 20. Be2 Rf2 21.
Qxb7 Raf8 22. Qxc6 Qf6 23. Bd2 h6 24. d5 1-0

[Event "Schachfestival 2014"]
[Site "Bad WÃ¶rishofen"]
[Date "2014.03.24"]
[Round "5.6"]
[White "Schulze, Ulrich"]
[Black "Karpatchev, Alexandr"]
[Result "0-1"]
[WhiteElo "2296"]
[BlackElo "2464"]
[Annotator "chessorg"]
[PlyCount "62"]
[EventDate "2014.??.??"]
[WhiteTeam "SC Bretten"]

1. d4 d5 2. Nf3 Nf6 3. c4 dxc4 4. Nc3 a6 5. e4 b5 6. e5 Nd5 7. a4 e6 8. axb5
Nb6 9. Be3 Bb7 10. Nd2 axb5 11. Rxa8 Bxa8 12. Nxb5 Bb4 13. Nc3 O-O 14. Qg4 f5
15. exf6 Qxf6 16. Be2 Bxc3 17. bxc3 Bd5 18. O-O N8d7 19. Ra1 Qf7 20. Ra7 Nf6
21. Qg3 Ne8 22. Nf3 Qf5 23. Ne1 Qb1 24. Kf1 Nc8 25. Ra5 Ncd6 26. f3 Ne4 27. Qe5
Nxc3 28. Bd2 Ne4 29. Bf4 Nc3 30. Rc5 Qa2 31. Bg3 c6 0-1

[Event "Schachfestival 2014"]
[Site "Bad WÃ¶rishofen"]
[Date "2014.03.24"]
[Round "5.8"]
[White "Epishin, Vladimir"]
[Black "Felgendreher, Heiko"]
[Result "1-0"]
[WhiteElo "2545"]
[BlackElo "2229"]
[Annotator "chessorg"]
[PlyCount "57"]
[EventDate "2014.??.??"]
[BlackTeam "Freibauer Moerlenbach-Birkenau"]

1. d4 Nf6 2. c4 g6 3. Nc3 d5 4. cxd5 Nxd5 5. Bd2 Bg7 6. e4 Nb6 7. Be3 O-O 8.
Nf3 Bg4 9. Be2 Nc6 10. d5 Bxf3 11. gxf3 Na5 12. Bd4 e5 13. Bc5 Re8 14. Qc2 Nac4
15. Nb5 Nd6 16. Be3 Re7 17. Bg5 f6 18. Be3 Rf7 19. O-O-O Nbc8 20. Nc3 Rb8 21.
Na4 b5 22. Nc5 Nb6 23. Ne6 Qe8 24. Kb1 Re7 25. Bc5 Na4 26. h4 Bf8 27. h5 Nxc5
28. hxg6 hxg6 29. Qxc5 1-0

[Event "Schachfestival 2014"]
[Site "Bad WÃ¶rishofen"]
[Date "2014.03.24"]
[Round "5.9"]
[White "Krulich, Roman"]
[Black "Pap, Misa"]
[Result "0-1"]
[WhiteElo "2223"]
[BlackElo "2495"]
[Annotator "chessorg"]
[PlyCount "66"]
[EventDate "2014.??.??"]
[WhiteTeam "MSA Zugzwang 82 e.V."]
[BlackTeam "Sfr. Korbach"]

1. e4 c5 2. c3 g6 3. d4 cxd4 4. cxd4 d5 5. exd5 Nf6 6. Bb5+ Nbd7 7. Nc3 Bg7 8.
d6 e6 9. Nf3 O-O 10. O-O Nb6 11. Bf4 a6 12. Be2 Ne8 13. d5 Bxc3 14. bxc3 Nxd5
15. Bh6 Nxc3 16. Qd3 Nxe2+ 17. Qxe2 Ng7 18. Rfd1 f6 19. Bxg7 Kxg7 20. Rac1 Rf7
21. Rc3 e5 22. Nxe5 fxe5 23. Qxe5+ Kg8 24. Rdc1 Bd7 25. Rc7 Qe8 26. f4 Bc6 27.
Re7 Rxe7 28. dxe7 Qf7 29. Rc2 Qf5 30. Qd6 Qxc2 31. Qd8+ Kg7 32. e8=N+ Bxe8 33.
Qxa8 Qc5+ 0-1

[Event "Schachfestival 2014"]
[Site "Bad WÃ¶rishofen"]
[Date "2014.03.24"]
[Round "5.10"]
[White "Naumkin, Igor"]
[Black "Mitchell, Martin"]
[Result "1-0"]
[WhiteElo "2477"]
[BlackElo "2217"]
[Annotator "chessorg"]
[PlyCount "61"]
[EventDate "2014.??.??"]

1. d4 Nf6 2. c4 e6 3. Nf3 Bb4+ 4. Nbd2 d5 5. Qa4+ Nc6 6. a3 Bxd2+ 7. Bxd2 Ne4
8. Bf4 O-O 9. h3 g5 10. Bh2 f5 11. e3 g4 12. hxg4 fxg4 13. Bd3 gxf3 14. gxf3
Nf6 15. O-O-O Bd7 16. Qc2 Kf7 17. Bxh7 Ke7 18. cxd5 exd5 19. Qc5+ Kf7 20. Bf4
Rh8 21. Qc2 Ne7 22. Rdg1 Qc8 23. Bg6+ Ke6 24. e4 dxe4 25. Qc4+ Ned5 26. fxe4
Ke7 27. Qc5+ Ke6 28. exd5+ Nxd5 29. Re1+ Kf6 30. Qxd5 Kxg6 31. Qg5+ 1-0

[Event "Schachfestival 2014"]
[Site "Bad WÃ¶rishofen"]
[Date "2014.03.24"]
[Round "5.12"]
[White "Zunker, Reinhard"]
[Black "Fernandez, Daniel Howard"]
[Result "0-1"]
[WhiteElo "2188"]
[BlackElo "2373"]
[Annotator "chessorg"]
[PlyCount "86"]
[EventDate "2014.??.??"]
[WhiteTeam "SV 1920 Hofheim"]
[BlackTeam "Marple (England)"]

1. Nf3 Nf6 2. d4 e6 3. c4 b6 4. g3 Ba6 5. Qc2 c5 6. Bg2 Nc6 7. dxc5 bxc5 8. O-O
Be7 9. Qa4 Qc8 10. Nc3 Bb7 11. e4 Nd4 12. Re1 O-O 13. Qd1 Nxf3+ 14. Bxf3 d6 15.
Bf4 e5 16. Bg5 h6 17. Bxf6 Bxf6 18. Nd5 Bd8 19. Bg2 g6 20. Rc1 Qe6 21. Qd3 Rb8
22. b3 Bc6 23. Rf1 Bxd5 24. Qxd5 Qxd5 25. cxd5 Rb4 26. Rc4 Rxc4 27. bxc4 Ba5
28. Rb1 Bc3 29. Rb3 Bd4 30. Bh3 f5 31. exf5 e4 32. g4 h5 33. gxh5 gxf5 34. Rg3+
Kh7 35. Rg5 f4 36. Bf5+ Kh6 37. Rg6+ Kxh5 38. Bxe4 Rb8 39. Rxd6 Rb2 40. Ra6
Rxf2 41. Kh1 f3 42. Bxf3+ Rxf3 43. Rxa7 Kg4 0-1

[Event "Schachfestival 2014"]
[Site "Bad WÃ¶rishofen"]
[Date "2014.03.24"]
[Round "5.13"]
[White "Wichmann, Cliff"]
[Black "Raghavi, N."]
[Result "1/2-1/2"]
[WhiteElo "2368"]
[BlackElo "2213"]
[Annotator "chessorg"]
[PlyCount "51"]
[EventDate "2014.??.??"]
[WhiteTeam "ESV Nickelhuette Aue"]

1. d4 Nf6 2. c4 e6 3. Nf3 b6 4. g3 Ba6 5. Nbd2 d5 6. Bg2 Be7 7. Qa4+ c6 8. Ne5
b5 9. cxb5 cxb5 10. Qb3 Qb6 11. Ndf3 b4 12. Be3 Nc6 13. Nxc6 Qxc6 14. Ne5 Qb6
15. Bf3 O-O 16. O-O Rfc8 17. Rfc1 Ne4 18. Qd1 Bb5 19. a4 bxa3 20. bxa3 Qa6 21.
a4 Be8 22. Bd2 Rxc1 23. Qxc1 Rc8 24. Qd1 Nxd2 25. Qxd2 Bd8 26. e3 1/2-1/2

[Event "Schachfestival 2014"]
[Site "Bad WÃ¶rishofen"]
[Date "2014.03.24"]
[Round "5.14"]
[White "Cocchi, Andrea"]
[Black "Kammers, Heribert"]
[Result "1-0"]
[WhiteElo "2321"]
[BlackElo "2165"]
[Annotator "chessorg"]
[PlyCount "77"]
[EventDate "2014.??.??"]
[WhiteTeam "CSB"]
[BlackTeam "Schachklub Muenster 32 e.V."]

1. Nf3 d5 2. b3 Nf6 3. Bb2 Bf5 4. g3 e6 5. Bg2 Bd6 6. d3 O-O 7. O-O Nbd7 8.
Nbd2 Qe7 9. Re1 e5 10. e4 dxe4 11. dxe4 Bg4 12. Nc4 Bb4 13. c3 Bc5 14. Qc2 Rfd8
15. Rad1 h6 16. Rd2 b5 17. Ne3 Be6 18. Nd5 Nxd5 19. exd5 Bg4 20. Nd4 Qg5 21.
Nxb5 Rac8 22. b4 Bf8 23. Nxa7 Ra8 24. Nc6 Re8 25. Bc1 Qh5 26. c4 Nf6 27. Bb2
Rxa2 28. Qb3 Rxb2 29. Qxb2 Nh7 30. Qc3 f6 31. Qe3 Ng5 32. f4 Nf3+ 33. Bxf3 Bxf3
34. fxe5 fxe5 35. Rf2 e4 36. Rxf3 exf3 37. Qxe8 f2+ 38. Kxf2 Qxh2+ 39. Kf3 1-0

[Event "Schachfestival 2014"]
[Site "Bad WÃ¶rishofen"]
[Date "2014.03.24"]
[Round "5.15"]
[White "Kugelmann, Werner"]
[Black "Friedrich, Norbert"]
[Result "0-1"]
[WhiteElo "2162"]
[BlackElo "2316"]
[Annotator "chessorg"]
[PlyCount "68"]
[EventDate "2014.??.??"]
[WhiteTeam "TSV Wertingen 1862 SAbt"]
[BlackTeam "Waldshut-Tiengen"]

1. e4 c5 2. Nf3 e6 3. d4 cxd4 4. Nxd4 Nf6 5. Nc3 a6 6. Bg5 d6 7. f4 Qb6 8. Qd2
Nc6 9. O-O-O Nxd4 10. Qxd4 Qxd4 11. Rxd4 Bd7 12. Be2 Bc6 13. Bf3 Be7 14. e5
Bxf3 15. gxf3 dxe5 16. fxe5 Nd5 17. Nxd5 Bxg5+ 18. f4 Bd8 19. Nc3 Bb6 20. Rd3
Rd8 21. Rhd1 Rxd3 22. Rxd3 Ke7 23. Ne4 Bg1 24. h3 Bh2 25. Rf3 Rd8 26. Nc3 g5
27. fxg5 Bxe5 28. Ne2 Rd5 29. c3 Bg7 30. h4 h6 31. g6 fxg6 32. Nf4 Rf5 33.
Nxg6+ Kf6 34. Nf4 Kf7 0-1

[Event "Schachfestival 2014"]
[Site "Bad WÃ¶rishofen"]
[Date "2014.03.24"]
[Round "5.17"]
[White "Kummerow, Heiko"]
[Black "Gerstner, Bernhard"]
[Result "1-0"]
[WhiteElo "2263"]
[BlackElo "2160"]
[Annotator "chessorg"]
[PlyCount "39"]
[EventDate "2014.??.??"]
[WhiteTeam "Recklinghaeuser Schachgemeinschaf"]
[BlackTeam "MSA Zugzwang 82 e.V."]

1. e4 e5 2. Nf3 Nc6 3. Bc4 Nf6 4. Ng5 d5 5. exd5 Na5 6. Bb5+ c6 7. dxc6 bxc6 8.
Bd3 h6 9. Ne4 Nd5 10. O-O Be7 11. Ng3 O-O 12. Bf5 Qc7 13. Re1 Bb7 14. d3 Rfe8
15. Nc3 Rad8 16. Bd2 Bf8 17. Nge4 Ne7 18. Qg4 Nxf5 19. Nf6+ Kh8 20. Nxe8 1-0

[Event "Schachfestival 2014"]
[Site "Bad WÃ¶rishofen"]
[Date "2014.03.24"]
[Round "5.21"]
[White "Astengo, Corrado"]
[Black "Seifert, Volker"]
[Result "1/2-1/2"]
[WhiteElo "2105"]
[BlackElo "2321"]
[Annotator "chessorg"]
[PlyCount "88"]
[EventDate "2014.??.??"]
[WhiteTeam "Castelfidardo"]
[BlackTeam "USV TU Dresden"]

1. e4 c5 2. Nf3 Nc6 3. d4 cxd4 4. Nxd4 Nf6 5. Nc3 e5 6. Ndb5 d6 7. Bg5 a6 8.
Na3 b5 9. Bxf6 gxf6 10. Nd5 Bg7 11. c3 f5 12. exf5 Bxf5 13. Nc2 O-O 14. Nce3
Be6 15. Bd3 f5 16. O-O Ra7 17. a4 Ne7 18. Nxe7+ Rxe7 19. axb5 axb5 20. Bxb5 d5
21. Ra6 Kh8 22. Rxe6 Rxe6 23. Nxd5 e4 24. f3 e3 25. f4 Qb8 26. Qe2 Rd8 27. c4
Qa7 28. b4 Qa3 29. Rd1 Qb3 30. h3 h6 31. Kh2 Re4 32. Re1 Ra8 33. Qh5 Rf8 34.
Qf3 Bd4 35. Qh5 Bg7 36. Qf3 Bd4 37. Qh5 Kg7 38. Bd7 e2 39. Bxf5 Rxf5 40. Qxf5
Qc2 41. Qd7+ Kf8 42. Qf5+ Kg7 43. Qd7+ Kf8 44. Qf5+ Kg7 1/2-1/2

[Event "Schachfestival 2014"]
[Site "Bad WÃ¶rishofen"]
[Date "2014.03.24"]
[Round "5.22"]
[White "Muehlbach, Peter"]
[Black "Guttenthaler, Franz"]
[Result "0-1"]
[WhiteElo "2061"]
[BlackElo "2233"]
[Annotator "chessorg"]
[PlyCount "72"]
[EventDate "2014.??.??"]
[BlackTeam "Schachklub Germering e. V."]

1. c4 e5 2. Nc3 Nc6 3. g3 Nf6 4. Bg2 Bb4 5. e3 Bxc3 6. dxc3 O-O 7. e4 d6 8. Qe2
Be6 9. Nf3 h6 10. O-O a5 11. Ne1 a4 12. Nc2 Na5 13. Ne3 Nd7 14. Rb1 b5 15. b3
axb3 16. axb3 bxc4 17. b4 Qb8 18. Re1 Qb5 19. Bd2 Nc6 20. f4 f6 21. Qh5 Ra2 22.
Rbd1 Bf7 23. Qh3 Ne7 24. f5 Kh7 25. g4 c6 26. g5 fxg5 27. Ng4 Nf6 28. Nxh6 gxh6
29. Bxg5 Neg8 30. Rxd6 Be8 31. Qh4 Qb6+ 32. Be3 Qc7 33. Rd2 Rxd2 34. Bxd2 Qg7
35. Be3 Bd7 36. Ra1 Rd8 0-1

[Event "Schachfestival 2014"]
[Site "Bad WÃ¶rishofen"]
[Date "2014.03.24"]
[Round "5.27"]
[White "Kannenberg, Karl-Heinz"]
[Black "Rand, Steven"]
[Result "1/2-1/2"]
[WhiteElo "2205"]
[BlackElo "2027"]
[Annotator "chessorg"]
[PlyCount "84"]
[EventDate "2014.??.??"]
[WhiteTeam "SC Kitzingen von 1905"]

1. d4 Nf6 2. Nf3 g6 3. e3 Bg7 4. Be2 O-O 5. O-O d5 6. b4 Nbd7 7. Bb2 c6 8. Nbd2
Ne4 9. c4 Nxd2 10. Qxd2 Nf6 11. Qc2 Bf5 12. Bd3 Bxd3 13. Qxd3 dxc4 14. Qxc4 Qd5
15. Qe2 a5 16. Ba3 Rfe8 17. Rfc1 Ne4 18. Qc2 Bf8 19. bxa5 Rxa5 20. Bb4 Ra6 21.
Nd2 Nxd2 22. Qxd2 Rea8 23. a3 e5 24. Bxf8 Rxf8 25. Rc5 Qd6 26. Rxe5 Rxa3 27.
Rxa3 Qxa3 28. Ra5 Qb3 29. h4 h5 30. Qc1 Rd8 31. Qa1 b6 32. Ra7 c5 33. Ra8 Qd5
34. Rxd8+ Qxd8 35. Qc3 cxd4 36. exd4 Qd5 37. f3 Kg7 38. Kf2 Kf6 39. Ke3 b5 40.
Kd3 Qf5+ 41. Ke3 Qd5 42. Kd3 Qf5+ 1/2-1/2

[Event "Schachfestival 2014"]
[Site "Bad WÃ¶rishofen"]
[Date "2014.03.24"]
[Round "5.31"]
[White "Dewenter, Ulf"]
[Black "Schweizer, Manfred"]
[Result "1-0"]
[WhiteElo "2178"]
[BlackElo "2046"]
[Annotator "chessorg"]
[PlyCount "51"]
[EventDate "2014.??.??"]
[WhiteTeam "Schachclub Weisse Dame Borbeck 25"]
[BlackTeam "Post-SV Memmingen"]

1. f4 g6 2. Nf3 Bg7 3. g3 d6 4. Bg2 e5 5. fxe5 dxe5 6. e4 Nc6 7. d3 Bg4 8. h3
Bd7 9. Nc3 Nge7 10. Be3 Nd4 11. O-O O-O 12. Ne2 c5 13. c3 Ne6 14. Qb3 Bc6 15.
Rad1 a5 16. d4 exd4 17. cxd4 Bxe4 18. dxc5 Qc7 19. Qc4 Bc6 20. b3 Nf5 21. Bf2
Rad8 22. g4 Bxf3 23. Bxf3 Nfd4 24. Nxd4 Nxd4 25. Rxd4 b5 26. cxb6 1-0

[Event "Schachfestival 2014"]
[Site "Bad WÃ¶rishofen"]
[Date "2014.03.24"]
[Round "5.38"]
[White "Partenheimer, Axel"]
[Black "Margraf, Christoph"]
[Result "1-0"]
[WhiteElo "2126"]
[BlackElo "1937"]
[Annotator "chessorg"]
[PlyCount "39"]
[EventDate "2014.??.??"]
[WhiteTeam "Duesseldorfer Schachklub 14/25 e."]
[BlackTeam "SC Ansbach 1855"]

1. Nf3 Nc6 2. d4 d5 3. Bf4 Bf5 4. e3 e6 5. Be2 Nf6 6. c3 a6 7. Nbd2 Be7 8. h3
h6 9. b4 O-O 10. O-O b5 11. a4 Na7 12. axb5 Nxb5 13. Qb3 c6 14. Ne5 Qb6 15. Ra5
Rfd8 16. Rfa1 Bd6 17. c4 Bxe5 18. dxe5 dxc4 19. Nxc4 Nd4 20. exd4 1-0

[Event "Schachfestival 2014"]
[Site "Bad WÃ¶rishofen"]
[Date "2014.03.24"]
[Round "5.39"]
[White "Ballon, Günther"]
[Black "Wahl, Peter"]
[Result "1/2-1/2"]
[WhiteElo "2116"]
[BlackElo "1909"]
[Annotator "chessorg"]
[PlyCount "52"]
[EventDate "2014.??.??"]

1. d4 Nf6 2. c4 g6 3. Nc3 d5 4. Bf4 Bg7 5. e3 e6 6. Nf3 O-O 7. Be2 dxc4 8. Bxc4
c5 9. dxc5 Qa5 10. O-O Rd8 11. Qe2 Qxc5 12. Rfd1 Rxd1+ 13. Rxd1 Nc6 14. Bd6 Qh5
15. h3 b6 16. e4 Nd7 17. Bc7 a6 18. Qc2 b5 19. Be2 Qc5 20. Bd6 Qb6 21. Bg3 Nc5
22. a3 b4 23. Na4 Nxa4 24. Qxa4 Bxb2 25. axb4 Bb7 26. b5 axb5 1/2-1/2

[Event "Schachfestival 2014"]
[Site "Bad WÃ¶rishofen"]
[Date "2014.03.24"]
[Round "5.41"]
[White "Bodrozic, Tomislav"]
[Black "Kerber, Alfred"]
[Result "1-0"]
[WhiteElo "2259"]
[BlackElo "2012"]
[Annotator "chessorg"]
[PlyCount "41"]
[EventDate "2014.??.??"]
[WhiteTeam "SF Birkenfeld"]
[BlackTeam "SK Reutte"]

1. d4 e6 2. e4 b6 3. Bd3 Bb7 4. Nc3 Bb4 5. Nge2 f5 6. exf5 Bxg2 7. Rg1 Bf3 8.
Bf4 Nc6 9. Qd2 Bxe2 10. Bxe2 Qf6 11. O-O-O Nge7 12. fxe6 Qxe6 13. d5 Bxc3 14.
bxc3 Qf7 15. dxc6 O-O 16. Bg5 Qxa2 17. Qd4 Qa3+ 18. Kb1 Nf5 19. Qd5+ Kh8 20.
cxd7 Ne7 21. Qe4 1-0

[Event "Schachfestival 2014"]
[Site "Bad WÃ¶rishofen"]
[Date "2014.03.24"]
[Round "5.46"]
[White "Thonig, Manfred"]
[Black "Storkebaum, Ulrike"]
[Result "1-0"]
[WhiteElo "1628"]
[BlackElo "1843"]
[Annotator "chessorg"]
[PlyCount "63"]
[EventDate "2014.??.??"]
[WhiteTeam "SC Starnberg"]
[BlackTeam "SAbt TEC Darmstadt"]

1. f4 Nf6 2. Nf3 d5 3. e3 c5 4. Ne5 Nc6 5. Bb5 Bd7 6. Nxd7 Qxd7 7. O-O a6 8.
Be2 e6 9. d4 Bd6 10. c3 O-O 11. Nd2 cxd4 12. exd4 Qc7 13. Nb3 Ne4 14. Be3 b5
15. Nd2 f5 16. Nxe4 fxe4 17. Bg4 Rae8 18. g3 Qe7 19. Qe2 Na5 20. b3 Rc8 21.
Rac1 g6 22. h4 Kg7 23. Kg2 h5 24. Bxh5 gxh5 25. Qxh5 Rh8 26. Qg4+ Kf7 27. f5
Rcg8 28. fxe6+ Ke8 29. Bg5 Qc7 30. Rf7 Qc6 31. Rd7 Nb7 32. Qf5 1-0

[Event "Schachfestival 2014"]
[Site "Bad WÃ¶rishofen"]
[Date "2014.03.24"]
[Round "5.47"]
[White "Ries, Berthold"]
[Black "Klamp, Christoph"]
[Result "1-0"]
[WhiteElo "1914"]
[BlackElo "2064"]
[Annotator "chessorg"]
[PlyCount "55"]
[EventDate "2014.??.??"]
[WhiteTeam "SU Ebersberg-Grafing"]
[BlackTeam "SV Schachforum Darmstadt 1994"]

1. e4 c5 2. Nf3 d6 3. d4 cxd4 4. Nxd4 Nf6 5. Nc3 a6 6. Be3 e5 7. Nb3 Be6 8. f3
Be7 9. Qd2 O-O 10. O-O-O a5 11. a4 Na6 12. Bxa6 Rxa6 13. Nd5 Nxd5 14. exd5 Bd7
15. Qc3 Bxa4 16. Bd2 Qd7 17. Na1 Rc8 18. Qa3 Bb5 19. Kb1 a4 20. Bb4 Bc4 21. Rd2
Bg5 22. Rdd1 h6 23. g3 Be3 24. Qxe3 a3 25. bxa3 Qb5 26. Nb3 Rca8 27. Kb2 Ra4
28. f4 1-0

[Event "Schachfestival 2014"]
[Site "Bad WÃ¶rishofen"]
[Date "2014.03.24"]
[Round "5.48"]
[White "Blaeser, Romain"]
[Black "Mihajlov, Svetoslav"]
[Result "1/2-1/2"]
[WhiteElo "1995"]
[BlackElo "2130"]
[Annotator "chessorg"]
[PlyCount "41"]
[EventDate "2014.??.??"]
[WhiteTeam "Differdange"]
[BlackTeam "Oslo OSS "]

1. d4 d5 2. Nf3 Nf6 3. Bg5 e6 4. Nbd2 Be7 5. e3 Nbd7 6. Bd3 c5 7. c3 b6 8. Ne5
Nxe5 9. dxe5 Nd7 10. Bf4 Qc7 11. Nf3 g5 12. Nxg5 Bxg5 13. Bxg5 Qxe5 14. Bf4 Qg7
15. Bg3 c4 16. Bc2 Nc5 17. Qd4 Qxd4 18. exd4 Nd3+ 19. Bxd3 cxd3 20. Kd2 Ba6 21.
Rhe1 1/2-1/2

[Event "Schachfestival 2014"]
[Site "Bad WÃ¶rishofen"]
[Date "2014.03.24"]
[Round "5.49"]
[White "Van Eck, Ted"]
[Black "Baeuml, Ulrich"]
[Result "0-1"]
[WhiteElo "1992"]
[BlackElo "2123"]
[Annotator "chessorg"]
[PlyCount "36"]
[EventDate "2014.??.??"]
[WhiteTeam "De Pion"]
[BlackTeam "SC Dillingen"]

1. e4 c5 2. Nf3 e6 3. d4 cxd4 4. Nxd4 a6 5. Bd3 Qc7 6. O-O Nf6 7. Nc3 Be7 8.
Be3 b5 9. a3 Bb7 10. Qe2 d6 11. Rad1 Nbd7 12. f4 Rc8 13. g4 Nc5 14. g5 Nfxe4
15. Ndxb5 axb5 16. Bxb5+ Kf8 17. f5 Nxg5 18. fxe6 Nh3# 0-1

[Event "Schachfestival 2014"]
[Site "Bad WÃ¶rishofen"]
[Date "2014.03.24"]
[Round "5.51"]
[White "Stümer, Paul"]
[Black "Walda, Michael"]
[Result "0-1"]
[WhiteElo "2091"]
[BlackElo "1968"]
[Annotator "chessorg"]
[PlyCount "50"]
[EventDate "2014.??.??"]
[WhiteTeam "Schachverein Bergneustadt/Dersch"]
[BlackTeam "SAbt Niederraeder TG"]

1. Nf3 c5 2. c4 Nc6 3. Nc3 g6 4. g3 Bg7 5. Bg2 Nf6 6. O-O O-O 7. a3 a5 8. Ne1
e6 9. e4 d6 10. Rb1 Bd7 11. d3 Nd4 12. Nc2 Bc6 13. Nxd4 cxd4 14. Ne2 Nd7 15. b4
b6 16. Bb2 axb4 17. axb4 Ba4 18. Qd2 e5 19. f4 b5 20. f5 Qb6 21. Kh1 Rfc8 22.
Bh3 bxc4 23. dxc4 Rxc4 24. fxg6 hxg6 25. Nc1 Bc2 0-1

[Event "Schachfestival 2014"]
[Site "Bad WÃ¶rishofen"]
[Date "2014.03.24"]
[Round "5.53"]
[White "Schiffer, Steve"]
[Black "Spanton, Tim"]
[Result "1-0"]
[WhiteElo "2082"]
[BlackElo "1949"]
[Annotator "chessorg"]
[PlyCount "33"]
[EventDate "2014.??.??"]
[WhiteTeam "Freibauer Moerlenbach-Birkenau"]
[BlackTeam "Hastings"]

1. e4 e5 2. Nf3 Nc6 3. Bb5 Nf6 4. O-O Nxe4 5. Re1 Nd6 6. Nxe5 Be7 7. Ba4 O-O 8.
c3 Nxe5 9. Rxe5 Bf6 10. Re1 Re8 11. d4 Rxe1+ 12. Qxe1 Qe7 13. Qxe7 Bxe7 14. Bf4
Nc4 15. Bxc7 Nxb2 16. Bb3 b5 17. Bd5 1-0

[Event "Schachfestival 2014"]
[Site "Bad WÃ¶rishofen"]
[Date "2014.03.24"]
[Round "5.62"]
[White "Semenova, Irina"]
[Black "Sakowski, Christian"]
[Result "1-0"]
[WhiteElo "2243"]
[BlackElo "1925"]
[Annotator "chessorg"]
[PlyCount "45"]
[EventDate "2014.??.??"]
[BlackTeam "SC Tuerkheim/Bad Woerishofen"]

1. e4 g6 2. d4 Bg7 3. Nc3 c6 4. Nf3 d5 5. h3 dxe4 6. Nxe4 Nf6 7. Ng3 O-O 8. Bd3
b6 9. O-O Bb7 10. Re1 Nbd7 11. Qe2 e6 12. Bf4 Re8 13. Rad1 Nd5 14. Bg5 Qc7 15.
Qd2 c5 16. dxc5 Nxc5 17. Bb5 Bc6 18. Bxc6 Qxc6 19. c4 Nf6 20. Ne5 Qb7 21. Qf4
Nce4 22. Nxe4 Nxe4 23. Rd7 1-0

[Event "Schachfestival 2014"]
[Site "Bad WÃ¶rishofen"]
[Date "2014.03.24"]
[Round "5.65"]
[White "Eichner, Manfred"]
[Black "Moors, Marc"]
[Result "1-0"]
[WhiteElo "2029"]
[BlackElo "1876"]
[Annotator "chessorg"]
[PlyCount "69"]
[EventDate "2014.??.??"]
[WhiteTeam "SK 1908 GÃ¶ggingen"]
[BlackTeam "Brasschaat"]

1. e4 d5 2. d4 dxe4 3. Nc3 Nf6 4. f3 Bf5 5. g4 Bg6 6. g5 Nd5 7. Nxe4 e6 8. Ne2
Be7 9. h4 h6 10. Bg2 hxg5 11. hxg5 Rxh1+ 12. Bxh1 Nd7 13. f4 c6 14. c4 N5b6 15.
Qb3 Qc7 16. Be3 Bf5 17. O-O-O O-O-O 18. a4 Nb8 19. N2g3 Bg6 20. Rf1 Rh8 21. Nc5
Bxc5 22. dxc5 N6d7 23. Be4 Na6 24. Bxg6 fxg6 25. Ne4 Rh3 26. Re1 Naxc5 27. Nxc5
Nxc5 28. Qa3 b6 29. a5 Kb7 30. b4 Nd7 31. a6+ Kc8 32. Qd3 e5 33. Qxg6 Nf8 34.
Qf5+ Qd7 35. Qxf8+ 1-0

[Event "Schachfestival 2014"]
[Site "Bad WÃ¶rishofen"]
[Date "2014.03.24"]
[Round "5.68"]
[White "Russ, Oliver"]
[Black "Hipp, Hermann"]
[Result "0-1"]
[WhiteElo "1744"]
[BlackElo "2007"]
[Annotator "chessorg"]
[PlyCount "44"]
[EventDate "2014.??.??"]
[WhiteTeam "SG CX Schwarzenberg-Raschau"]

1. e4 c6 2. d4 d5 3. exd5 cxd5 4. Nf3 Nc6 5. Bd3 g6 6. Be3 Nf6 7. Nc3 Bg7 8. h3
a6 9. Qd2 O-O 10. Bh6 Nb4 11. Bxg7 Nxd3+ 12. Qxd3 Bf5 13. Qd2 Kxg7 14. g4 Be4
15. Nxe4 Nxe4 16. Qe3 Qb6 17. O-O-O Rac8 18. Kb1 Nc3+ 19. Ka1 Nxd1 20. Rxd1
Rxc2 21. Rb1 Qe6 22. Qxe6 fxe6 0-1

[Event "Schachfestival 2014"]
[Site "Bad WÃ¶rishofen"]
[Date "2014.03.24"]
[Round "5.70"]
[White "Buchäckert, Jürgen"]
[Black "Auschkalnis, Reinhard"]
[Result "1/2-1/2"]
[WhiteElo "1948"]
[BlackElo "1814"]
[Annotator "chessorg"]
[PlyCount "45"]
[EventDate "2014.??.??"]
[WhiteTeam "SK 1912 Ludwigshafen"]
[BlackTeam "Schachclub Bonn Beuel"]

1. e4 c5 2. c3 g6 3. d4 cxd4 4. cxd4 d5 5. Nc3 dxe4 6. Bc4 Bg7 7. Qb3 e6 8. d5
Qb6 9. dxe6 fxe6 10. Nxe4 Qxb3 11. Bxb3 Nf6 12. Nxf6+ Bxf6 13. Nf3 Nc6 14. O-O
h6 15. Re1 Kf7 16. a3 g5 17. h3 Rd8 18. Rb1 Rd6 19. Be3 b6 20. Nd2 Bg7 21. Ne4
Rd8 22. Ng3 Ne7 23. Ba2 1/2-1/2

[Event "Schachfestival 2014"]
[Site "Bad WÃ¶rishofen"]
[Date "2014.03.24"]
[Round "5.71"]
[White "Wieczorek, Heinz"]
[Black "Müller, Martin"]
[Result "1/2-1/2"]
[WhiteElo "1817"]
[BlackElo "2139"]
[Annotator "chessorg"]
[PlyCount "58"]
[EventDate "2014.??.??"]
[WhiteTeam "SW Nuernberg Sued e.V."]
[BlackTeam "SV Unser Fritz Wanne-Eickel"]

1. e4 e6 2. d4 d5 3. Nc3 Nf6 4. Bg5 Bb4 5. e5 h6 6. Bd2 Bxc3 7. bxc3 Ne4 8. Qg4
g6 9. Bd3 Nxd2 10. Kxd2 c5 11. h4 c4 12. Be2 Nd7 13. Nf3 Qe7 14. Rh3 Rg8 15.
Qf4 g5 16. hxg5 hxg5 17. Qg4 f5 18. Qh5+ Kd8 19. g4 Nf8 20. gxf5 exf5 21. Rg3
g4 22. Nh4 Qg5+ 23. Qxg5+ Rxg5 24. Ng2 Ng6 25. Ke3 Rh5 26. f3 Rh2 27. fxg4 f4+
28. Nxf4 Nxf4 29. Bf3 Ne6 1/2-1/2